书目信息 |
| 题名: |
轻便型16毫米电影放映机
|
|
| 作者: | ;江西省电影公司 翻印 | |
| 分册: | ||
| 出版信息: |
|
|
| 页数: | 204页 | |
| 开本: | 20cm | |
| 丛书名: | ||
| 单 册: | ||
| 中图分类: | TB857 | |
| 科图分类: | ||
| 主题词: | 摄影--机具 , 摄影--设备 | |
| 电子资源: | ||
| ISBN: | ||
| 000 | 00548nam0 2200169 450 | |
| 001 | 0762469727 | |
| 005 | 20070925172204.76 | |
| 100 | @a20070925d km y0chiy0120 ea | |
| 101 | 0 | @achi |
| 200 | 1 | @a轻便型16毫米电影放映机@Aqing bian xing 16 hao mi dian ying fang ying ji@f江西省电影公司翻印@Fjiang xi sheng dian ying gong si fan yin |
| 215 | @a204页@d20cm | |
| 606 | 0 | @a摄影@x机具 |
| 606 | 0 | @a摄影@x设备 |
| 690 | @aTB857@v3 | |
| 711 | 02 | @a江西省电影公司@Ajiang xi sheng dian ying gong si@4翻印 |
| 801 | 0 | @aCN@bPFT@c20070925 |
| 905 | @a10447@dTB857@e139 | |
| 轻便型16毫米电影放映机/江西省电影公司翻印 |
| 204页;20cm |
| ISBN : |
| ● |
| 相关链接 |
|
|
|
|
正题名:轻便型16毫米电影放映机
索取号:TB857/139
 
预约/预借
| 序号 | 登录号 | 条形码 | 馆藏地/架位号 | 状态 | 备注 |
| 1 | 0609714 | 206097141 | 第二样本阅览室/ [索取号:TB857/139] | 在馆 |